Actores y Actrices (Argentina) #1 - Estadísticas

Estadísticas generales
  • Esta prueba ha sido intentada 188 veces
  • La puntuación promedio es 12 de 24
Estadísticas de respuestas
Imagen Respuesta % Correcto
Ricardo Darin
94%
Guillermo Francella
85%
Mirtha Legrand
85%
Susana Gimenez
85%
Adrian Suar
84%
Diego Peretti
72%
Rodrigo De la Serna
67%
Leonardo Sbaraglia
65%
Pablo Echarri
64%
Erica Rivas
56%
Mercedes Moran
50%
Dolores Fonzi
44%
Oscar Martinez
44%
Norma Aleandro
40%
Federico Luppi
38%
Graciela Borges
38%
Rita Cortese
38%
Valeria Bertuccelli
38%
Hector Alterio
37%
Soledad Villamil
34%
Claudio Rissi
30%
Luis Luque
29%
Monica Villa
15%
Laura Paredes
5%
No se encontraron pruebas coincidentes
Distribución de puntuación
Porcentaje de gente con cada puntuación
Porcentaje por número respondido
Historial de tus puntuaciones
No has intentado esta prueba.